Maiz, cebada y arroz en la ceba de cerdos / (Record no. 110443)

MARC details
000 -LEADER
campo de control de longitud fija 00575nam a2200169 4500
001 - NÚMERO DE CONTROL
campo de control 110443
003 - IDENTIFICADOR DE NÚMERO DE CONTROL
campo de control ES-MaACL
005 - FECHA Y HORA DE LA ÚLTIMA TRANSACCIÓN
campo de control 20230906185043.0
007 - CAMPO FIJO DE DESCRIPCIÓN FÍSICA--INFORMACIÓN GENERAL
campo de control de longitud fija t|
008 - DATOS DE LONGITUD FIJA--INFORMACIÓN GENERAL
campo de control de longitud fija 061121s1942 sp r ||||1| spa d
100 1# - ENTRADA PRINCIPAL--NOMBRE DE PERSONA
Nombre de persona Odriozola, Miguel.
9 (RLIN) 86538
245 10 - MENCIÓN DEL TÍTULO
Título Maiz, cebada y arroz en la ceba de cerdos /
Mención de responsabilidad, etc. Miguel Odriozola.
260 ## - PUBLICACIÓN, DISTRIBUCIÓN, ETC.
Lugar de publicación, distribución, etc. Madrid :
Nombre del editor, distribuidor, etc. Sección de Publicaciones, Prensa y Propaganda,
Fecha de publicación, distribución, etc. 1942 (
Fabricante Graficas Uguina)
300 ## - DESCRIPCIÓN FÍSICA
Extensión 90 p., 7 lám. :
Otras características físicas il. ;
Dimensiones 24 cm.
500 ## - NOTA GENERAL
Nota general Precede al tít.: Ministerio de Agricultura.
852 ## - LOCALIZACIÓN
Ubicación ES-MaACL
Número de control de estantería 1911-F-14
Sublocalización o colección R.29805
Holdings
Estatus retirado Estado de pérdida Estado de daño No para préstamo Colección Biblioteca de origen Biblioteca actual Ubicación en estantería Fecha de adquisición Fuente de adquisición Total de préstamos Signatura topográfica completa Código de barras Visto por última vez Precio de reemplazo Tipo de ítem Koha
        Colección de folletos Biblioteca del Ateneo de Madrid Biblioteca del Ateneo de Madrid Depósito folletos 17/01/2008     1911-F-14 1115228 23/02/2023 23/02/2023 Folleto